000 00205 a2200097 4500
001 26847
100 _aRahman, M.A
245 _aReflections on infantry
260 _a
_bWajidalis
_c
090 _c18080
_d18080
942 _aNUST-CAE
_cM
_c8981
999 _c261920
_d261920